Catálogo de la Biblioteca Horacio González - Universidad Nacional de General Sarmiento

La Raulito (Registro nro. 54812)

Detalles MARC
000 -CABECERA
campo de control de longitud fija 01859ngm a22002890a 4500
001 - NÚMERO DE CONTROL
campo de control PT28320
003 - IDENTIFICADOR DEL NÚMERO DE CONTROL
campo de control AR-LpoUNG
005 - FECHA Y HORA DE LA ÚLTIMA TRANSACCIÓN
campo de control 20210202000419.0
007 - CAMPO FIJO DE DESCRIPCIÓN FÍSICA--INFORMACIÓN GENERAL
campo de control de longitud fija vd cvaizq
008 - DATOS DE LONGITUD FIJA--INFORMACIÓN GENERAL
campo de control de longitud fija 191001suuuu||||ag |||||||||||||||||spa d
037 ## - FUENTE DE ADQUISICIÓN
Condiciones de disponibilidad $11,25
040 ## - FUENTE DE LA CATALOGACIÓN
Centro catalogador/agencia de origen AR-LpoUNG
Lengua de catalogación spa
Centro/agencia transcriptor AR-LpoUNG
Normas de descripción aacr
041 ## - CÓDIGO DE LENGUA
Código de lengua del texto/banda sonora o título independiente spa
082 0# - NÚMERO DE LA CLASIFICACIÓN DECIMAL DEWEY
Número de clasificación 305.56 972rau
100 1# - ENTRADA PRINCIPAL--NOMBRE DE PERSONA
Nombre de persona Murúa, Lautaro
Término indicativo de función/relación dir.
245 13 - MENCIÓN DE TÍTULO
Título La Raulito
260 ## - PUBLICACIÓN, DISTRIBUCIÓN, ETC.
Lugar de publicación, distribución, etc. Buenos Aires :
Nombre del editor, distribuidor, etc. Blackman,
Fecha de publicación, distribución, etc. s.f.
300 ## - DESCRIPCIÓN FÍSICA
Extensión DVD : son., col.
505 0# - NOTA DE CONTENIDO CON FORMATO
Nota de contenido con formato Hecha en 1975. - Guión: José María Paolantonio según el libro televisivo de Juan Carlos Gené y Martha Mercader; fotografía, Miguel Rodríguez; montaje, Jorge Valencia, Carlos Márquez y Silvia Barrilli; música, Roberto Lar; ayudante de producción, Diana Frey; investigación, Carlos Aznare; Escenografía, Germen Gelpi. - Elenco: Marilina Ross, Duilio Marzio, María Vaner, Luis Politti, Fernanda Mistral, Jorge Martínez, Virginia Lago, Ana María Picchio, Adriana Aizemberg, Anita Larronde, Juanita Lara
520 ## - SUMARIO, ETC.
Sumario, etc. La película relata un caso real, de una hincha del club de fútbol Boca Juniors de Buenos Aires, querida por la barra del club, de nombre María Esther Duffau. La Raulito es una niña de la calle, en Buenos Aires. que adopta la identidad de un varón para sobrevivir. El film toma un momento de su vida, ya adolescente, deambulando entre el reformatorio para delincuentes juveniles, la cárcel y el hospital neuropsiquiátrico. Raulito escapa y encuentra refugio y trabajo como "canillita" de un diariero de la estación Constitución (Luis Politti). También conoce a otro niña/niño de la calle, Medio Pollo (Juanita Lara) que se vuelve su mejor amigo/a. Ambos terminan escapando a Mar del Plata.
651 #4 - PUNTO DE ACCESO ADICIONAL DE MATERIA--NOMBRE GEOGRÁFICO
Nombre geográfico Argentina
653 ## - TÉRMINO DE INDIZACIÓN--NO CONTROLADO
Término no controlado CINE ARGENTINO
653 ## - TÉRMINO DE INDIZACIÓN--NO CONTROLADO
Término no controlado DVD
653 ## - TÉRMINO DE INDIZACIÓN--NO CONTROLADO
Término no controlado VIDEOS
905 ## - ELEMENTOS DE DATOS E LOCAL, LDE (RLIN)
a 28320
942 ## - ELEMENTOS DE PUNTO DE ACCESO ADICIONAL (KOHA)
Tipo de ítem Koha DVD
Existencias
Estado de retiro Estado de pérdida Estado dañado No para préstamo Código de colección Localización permanente Ubicación/localización actual Fecha de adquisición Total de préstamos Signatura topográfica completa Código de barras Fecha visto por última vez Precio válido a partir de Tipo de ítem Koha
        Colección Cine Biblioteca Universidad Nacional de General Sarmiento Biblioteca Universidad Nacional de General Sarmiento 02/02/2021   305.56 972rau 00043243 02/02/2021 02/02/2021 DVD
        Colección Cine Biblioteca Universidad Nacional de General Sarmiento Biblioteca Universidad Nacional de General Sarmiento 02/02/2021   305.56 972rau 00043261 02/02/2021 02/02/2021 DVD
        Colección Cine Biblioteca Universidad Nacional de General Sarmiento Biblioteca Universidad Nacional de General Sarmiento 02/02/2021   305.56 972rau 00043262 02/02/2021 02/02/2021 DVD